000 02813nam a2200541 i 4500
001 3198447
005 20211015145859.0
008 210818s2021 oru d 000 1 eng d
020 _a9781799903178 :
_c$18.99
020 _a1799903176 :
_c$18.99
035 _a(OCoLC)1233164019
035 _a(OCoLC)on1233164019
035 _a3162324
040 _aPABRO
_beng
_erda
_cPABRO
050 4 _aPZ7.C1897
_bDup 2021
082 0 4 _a[Fic]
_223
092 _ayoung adult fiction
_bCard
100 1 _aCard, Orson Scott,
_eauthor.
245 1 0 _aDuplex /
_cOrson Scott Card.
250 _aFirst edition.
264 1 _aAshland, OR :
_bBlackstone Publishing,
_c2021.
300 _a293 pages ;
_c24 cm
336 _atext
337 _aunmediated
338 _avolume
490 0 _aA micropowers novel
520 _aRyan wakes up to find his contractor dad building walls to turn their big old house into a duplex. The family that moves into the other side includes Bizzy Horvat, the pretty girl he has a crush on at school. Bizzy claims her mother is a witch with the power to curse people with clumsiness or, in Bizzy's case, astonishing beauty. When a bee gets caught in Bizzy's hair, Ryan acts so quickly and radically to save her from getting stung that he attracts the attention of a group of micropotents - people with micropowers. He soon realizes that Bizzy and her mother also have such powers. It becomes Ryan's job, with the help of the other micropotents, to protect the Horvats from a group of witch hunters from their native country, who are determined to kill Bizzy, her mother, and all the other "witches" - micropotents - who have gathered to protect them.
521 1 _a12-19
_bBrodart.
521 2 _a7-12
_bBrodart.
650 1 _aFantasy.
650 0 _aWitches
_vJuvenile fiction.
_95673737
650 1 _aWitches
_vFiction.
_95673734
650 0 _aSurvival
_vJuvenile fiction.
_95674045
650 1 _aSurvival
_vFiction.
_95673621
650 7 _aYOUNG ADULT FICTION / Fantasy.
_2bisacsh
_95729208
650 7 _aYOUNG ADULT FICTION / Action & Adventure.
_2bisacsh
_95737001
650 7 _aYOUNG ADULT FICTION / Coming of Age.
_2bisacsh
_95739284
655 7 _aFantasy fiction.
_2lcgft
655 0 _aFantasy fiction.
_96430565
655 7 _aFantasy fiction.
_2gsafd
_96430565
899 _afa
942 _2ddc
_cBOOK
948 _aBVP
_bTEEN
_pX130592827
_kYA
_hF
_f1
_r2
_g1
_70
_u3
_w11
_s0
_oBVP
_0$18.99
_y99
_c9
_jDewey Decimal
_nOn-Order
_e1994481-3
_9Item generated Oct 14 2021 8:18AM
999 _c366209
_d366209